[Event "FICGS rapid D 000057 email"]
[Site "FICGS email"]
[Date "2011.05.19"]
[Round "1"]
[White "Chang, Henk"]
[Black "Freed, Markus"]
[Result "0-1"]
[WhiteElo "1491"]
[BlackElo "1464"]
[PlyCount "64"]
[EventDate "2011.??.??"]
[EventType "tourn (rapid)"]
[EventRounds "6"]
[SourceTitle "Corr 2013"]
[Source "ChessBase"]
[SourceDate "2012.11.12"]
[SourceVersion "1"]
[SourceVersionDate "2012.11.12"]
[SourceQuality "1"]

1. d4 d5 2. c4 e6 3. Nc3 Nf6 4. Bg5 Be7 5. e3 0-0 6. Nf3 h6 7. Bh4 Ne4 8. Bxe7 Qxe7 9. Bd3 Nxc3 10. bxc3 dxc4 11. Bxc4 Nd7 12. 0-0 b6 13. Qc2 Bb7 14. Qe2 Qa3 15. Rac1 c5 16. Rfd1 Rac8 17. d5 exd5 18. Bxd5 Bxd5 19. Rxd5 Qxc1+ 20. Qf1 Qxf1+ 21. Kxf1 Nf6 22. Rd1 Rfd8 23. Re1 Rd3 24. Rc1 Rcd8 25. Ke2 Ne4 26. Ne5 Rd2+ 27. Kf3 Rxf2+ 28. Kg4 Rxg2+ 29. Kh3 Rdd2 30. Rh1 f5 31. Nf3 Rg4 32. Rf1 Rf2 0-1